| 000 | 00703nam a2200265Ia 4500 | ||
|---|---|---|---|
| 001 | 10138 | ||
| 005 | 20240113235208.0 | ||
| 007 | ta | ||
| 008 | 050801s1977 a g b000 u eng u | ||
| 040 | _aCotton College,Assam | ||
| 041 | _aeng | ||
| 082 |
_a338.526 _bR 959 P |
||
| 100 | _aRyan , W.J.L.. | ||
| 245 | 0 |
_aPrice Theory / _cW.J.L. Ryan & D.W. Pearce. _hTextual Documents |
|
| 250 | _aRev. ed. / | ||
| 260 |
_aNew York : _bMacmillan company & the free press , _c1977. |
||
| 300 |
_axv,397p. : _bill. ; _c21cm . |
||
| 653 | _aEconomics | ||
| 653 | _aPrice | ||
| 653 | _aT/G-Economics | ||
| 700 | _aPearce, D.W. . | ||
| 942 |
_2ddc _cBK |
||
| 999 |
_c10125 _d10125 |
||